[Event "Sao Paulo-chT1"]
[Site "Sao Paulo"]
[Date "2019.03.09"]
[Round "5.2"]
[White "Gomez, Gustavo Pizzocaro"]
[Black "Barros, Ivo Cabral Araujo"]
[Result "1-0"]
[WhiteElo "2141"]
[BlackElo "1600"]
[PlyCount "95"]
[EventDate "2019.02.23"]
[EventType "team-tourn"]
[EventRounds "7"]
[EventCountry "BRA"]
[SourceTitle "EXT 2021"]
[Source "ChessBase"]
[SourceDate "2020.10.23"]
[SourceVersion "1"]
[SourceVersionDate "2020.10.23"]
[SourceQuality "1"]
[WhiteTeam "Espaco Xadrez Total III"]
[BlackTeam "Sao Jose Chess Empire"]
[WhiteTeamCountry "BRA"]
[BlackTeamCountry "BRA"]

1. d4 Nf6 2. Bg5 g6 3. Bxf6 exf6 4. c4 Bg7 5. Nc3 f5 6. Nf3 0-0 7. e3 c6 8. Be2 d5 9. cxd5 cxd5 10. Qb3 Nc6 11. Qxd5 Qb6 12. Qb5 Qxb5 13. Bxb5 Nb4 14. 0-0 Be6 15. a3 Nd5 16. Nxd5 Bxd5 17. Nd2 Rac8 18. Rac1 a6 19. Bc4 Bxc4 20. Nxc4 Rc6 21. Na5 Rb6 22. b4 f4 23. Rc7 fxe3 24. fxe3 Bh6 25. Re1 Re6 26. e4 Rd8 27. Nb3 b6 28. Rc2 Bg7 29. Rd2 Red6 30. Red1 Bh6 31. Rd3 Bg7 32. g3 h5 33. Kg2 Rc8 34. R1d2 Bh6 35. Re2 f6 36. Kf3 g5 37. h3 Rcd8 38. Rc3 R8d7 39. Rc8+ Kf7 40. Rec2 Re7 41. R2c7 Rdd7 42. Rxd7 Rxd7 43. Rc6 Rb7 44. d5 Bf8 45. Nd4 a5 46. Ne6 Be7 47. b5 Rb8 48. a4 1-0

[Event "Sao Paulo-chT1"]
[Site "Sao Paulo"]
[Date "2019.02.24"]
[Round "3.2"]
[White "Barros, Ivo Cabral Araujo"]
[Black "Poeta, Caio Medeiros"]
[Result "1/2-1/2"]
[WhiteElo "1600"]
[BlackElo "2078"]
[PlyCount "99"]
[EventDate "2019.02.23"]
[EventType "team-tourn"]
[EventRounds "7"]
[EventCountry "BRA"]
[SourceTitle "EXT 2021"]
[Source "ChessBase"]
[SourceDate "2020.10.23"]
[SourceVersion "1"]
[SourceVersionDate "2020.10.23"]
[SourceQuality "1"]
[WhiteTeam "Sao Jose Chess Empire"]
[BlackTeam "Homs"]
[WhiteTeamCountry "BRA"]
[BlackTeamCountry "BRA"]

1. e4 c6 2. d4 d5 3. exd5 cxd5 4. Bd3 Nf6 5. c3 g6 6. Nf3 Bg7 7. Bf4 0-0 8. Nbd2 Nc6 9. Qe2 a6 10. h3 b5 11. Ne5 Bb7 12. Nb3 Qc8 13. Nc5 Nh5 14. Bh2 Bxe5 15. Bxe5 f6 16. Bh2 e5 17. Nxb7 Qxb7 18. dxe5 fxe5 19. 0-0 Nf4 20. Bxf4 Rxf4 21. Rad1 e4 22. Bc2 Ne5 23. Qe3 Rf5 24. Bb3 Nc4 25. Bxc4 bxc4 26. Rd2 Raf8 27. Rfd1 Qc6 28. Qa7 R8f7 29. Qb8+ Kg7 30. Qd8 Qc5 31. Qh4 h5 32. Qg3 g5 33. h4 g4 34. Rd4 Rxf2 35. Qe5+ R7f6 36. Qxh5 Rxb2 37. Qxg4+ Rg6 38. Qd7+ Kh6 39. g4 Qb6 40. Qf5 Qd6 41. g5+ Kh5 42. Qh3 Qf4 43. Rxd5 Rxa2 44. Rd8 Qf2+ 45. Kh1 Qf3+ 46. Qxf3+ exf3 47. Rg1 Rg2 48. Rxg2 fxg2+ 49. Kxg2 Kxh4 50. Rd4+ 1/2-1/2